000 00530nam a2200181Ia 4500
999 _c10723
_d10723
003 OSt
005 20191227143825.0
008 190216s9999||||xx |||||||||||||| ||und||
020 _a8178665913
040 _coclc
082 _a332.6
_bAVA/S
100 _aAvadhani, V A
_9855
245 0 _aSecurities Analysis And Portfolio Management /
_cV A Avadhani
260 _bHimalaya Publishing House,
_c2002.
_aNew Delhi:
300 _a610p
650 _aEconomics
942 _cBK
_2ddc
_h332.6
_iAVA/S
_k332.6
_mAVA/S